| 000 | 00806nam a2200241 i 4500 | ||
|---|---|---|---|
| 003 | DO-SdBNP | ||
| 005 | 20230630103013.0 | ||
| 006 | a||||br|||| 00| 0 | ||
| 007 | ta | ||
| 008 | 230628e1968 dr ||||| |||| 00| 0 spa d | ||
| 040 |
_aDO-SdBNP _bspa _cBNPHU _erda |
||
| 082 | 4 |
_222 _bR426p |
|
| 110 | 1 |
_964894 _aSecretaría de Estado de Educación y Bellas Artes y Cultos. _bRepública Dominicana |
|
| 245 | 1 | 0 |
_aPrograma de la educación primaria : _bres. no. 68567 |
| 264 | 1 |
_aSanto Domingo : _bSecretaría de Educación, Bellas Artes y Cultos, _c1968 |
|
| 300 |
_a189 páginas ; _c23 cm. |
||
| 336 |
_2rdaconten _atexto _btxt |
||
| 337 |
_2rdamedia _asin medición _bn |
||
| 338 |
_2rdacarrier _avolumen _bnc |
||
| 504 | _aBibliografía: páginas 185 | ||
| 590 | _aInventariado 2023 / MF | ||
| 942 |
_2ddc _cLBS1 |
||
| 999 |
_c54001 _d54001 |
||